Quizzes
Events
Quiz Creation
Community
Videos
Private Events
Remove Ads
Sign In
Join for FREE
Feedback
Dark Mode
Quiz Categories
Sports
Geography
Music
Movies
Television
Just For Fun
Miscellaneous
History
Literature
Language
Science
Gaming
Entertainment
Religion
Holiday
For Kids
Quiz Lab
Recent
Popular Today
Quiz Kudos Today
Editor Picks
Curator Picks
Quizzes by...
Day
Popularity
Type
Ratings
Length
Year
Community
Subscriptions
Recent Discussions
Orange Saloon
Badges
Playlists
Quests
Create
Leaderboards
Showdown
Live 5
Trivia Bingo
Activity
Puzzle Library
Sporcle Events
Private Events
Virtual Trivia
Globe League
Become a Host
Pub Owners
SporcleCon
Opinionation
Our Games
Videos
Blog
Mobile Apps
Partnerships
Remove Ads and Go Orange
Feedback
Language
Vocabulary
Begins and Ends
Definition
Spanish
French
German
Italian
Chinese
Latin
Translation
Japanese
Language
Vocabulary
Begins and Ends
Definition
Spanish
French
German
Italian
Chinese
Latin
Translation
Japanese
Random Quiz
Search Sporcle
×
Quiz Lab
Quiz Lab
Language
Ending
Type in answers that appear in a list
Type in answers that appear in a list
Classic
Best Score? Go Orange.
Words Ending in ius Stats
Can you name the words ending in ius?
By
longboard
5m
25 Questions
15 Plays
15 Plays
15 Plays
Comments
Comments
Give Quiz Kudos
Give Quiz Kudos
-
- Ratings
hide this ad
Replay
Link that replays current quiz
Next Quiz
Link to next quiz in quiz playlist
You Got
0%
They Got
Avg Score
51%
Avg Friend Score
Upgrade to see
Score Distribution
Jump to the score distribution portion of the page
Score
0/25
Timer
05:00
0
Plays Today
Clue
Word
% Correct
Straight line or distance from the center to the edge of a curve
Radius
80%
Lithuania's capital city
Vilnius
73.3%
Einstein, Stephen Hawking, and Lisa Simpson
Genius
73.3%
Hootie & the Blowfish lead singer turned country artist, _
_
_
_
_
Rucker
Darius
73.3%
Italian volcano that destroyed Pompeii
Vesuvius
66.7%
Chinese teacher, politician, and philosopher
Confucius
66.7%
Roman emperor and philosopher, Marcus...
Aurelius
66.7%
Pivotal man in the trial and cruxifixction of Jesus; _
_
_
_
_
Pilate
Pontius
66.7%
African island nation with Port Louis as its capital city
Mauritius
60%
Toyota's compact hybrid electric car
Prius
55.6%
Famous Roman general assassinated by Brutus and his conspirators
Julius
53.3%
Eleventh astrological sing in the Zodiac
Aquarius
53.3%
Night astrological sing of the Zodiac
Sagittarius
53.3%
Clue
Word
% Correct
Morgan Freeman in Batman or Jason Isaacs in Harry Potter
Lucius
53.3%
The brightest star in the night sky
Sirius
53.3%
King Hamlet treacherous brother
Claudius
46.7%
Brother of Brutus and Caesar's assassination conspirator
Cassius
40%
Pope from 251-
253 AD or scientist chimpanzee in Planet of the Apes
Cornelius
40%
Roman emperor or Star Trek's James _
_
_
_
_
_
_
Kirk
Tiberius
40%
Augustus and Caligula first birth name
Gaius
40%
Ophelia and Laertes' father in Hamlet
Polonius
33.3%
Ugly Betty American actor, Eric...
Mabius
33.3%
Augustus birth name
Octavius
33.3%
'The third founder of Rome'
Marius
26.7%
Roman historian famous for his Ecclesiastical History; ...of Caesarea
Eusebius
20%
Quiz Playlist
Details
Report
Send in Message
Add To Playlist
Classic:
Type in answers that appear in a list
Last Updated: Feb 16, 2017
Quiz Scoreboard
CHALLENGE
Sign Up to Join the Scoreboard
Show All
Scores
Hide
Comments
May contain spoilers
Recently Published
An Introduction to Baseball
by treessimontrees
Sports
5m
Movies - When Are They Set?
by FPL_Elf
Movies
5m
Popular People in 1961
by mucciniale
History
6m
More to Explore
Quiz From the Vault
Featured Blog Post
Where Did the Easter Bunny Come From?
hide this ad
You Might Also Like...
Tags
Ending
Today's Top Quizzes in Language
Browse Language
hide this ad
Today's Top Quizzes in Ending
Browse Ending
Top Contributed Quizzes in Language
1
1-10 Letter F Words III
2
Order Up: Top 10 Most Native Spoken Languages
3
1-10 Letter G Words III
4
1-10 Letter H Words III
5
One Thing in Common: Italy
6
Weisst du, aus welchen Sprachen diese Wörter stammen?
7
1-10 Letter I Words III
8
1-10 Letter J Words III
9
Celtic Nations in their Language
10
Begins and Ends With AN
Explore More
Trending Topics
Anime
Harry Potter
Crossword
Marvel
Kpop
Disney
NBA
Country
The Office
Pokémon
Song
Puzzle
WWE
Soccer
NFL
hide this ad
More By:
longboard
Quiz
Plays
Rating
Category
Featured
Created
Countries of the Americas A-Z
73,244
4.69
Geography
May 7, 2015
'S' African Countries
62,122
4.60
Geography
May 8, 2015
First and Last Five Countries: World
54,876
4.68
Geography
Jun 12, 2015
Island Nations A-Z
50,269
4.50
Geography
May 7, 2015
Amazon Rainforest Countries
46,845
3.88
Geography
Apr 1, 2014
Go to Creator's Profile
Score Distribution
Quiz Creator Spotlight
longboard
Follow
Send a Message
Quizzes Created
-
Created Quiz Play Count
-
More By This Creator
Popular Quizzes Today
1
Find the Countries of Europe - No Outlines Minefield
2
Find the US States - No Outlines Minefield
3
The Countries of the World
4
Popular People in 1961
5
Find the US States
6
US States
7
1-10 Letter E Words III
8
Risky Map Clicking: Biggest States A-Z
More Language Quizzes
Juneteenth Anagrams
Quiz Lab
Trending Quizzes
Risky Map Clicking: Least Populous States A-Z
1-10 Letter F Words
1-10 Letter G Words
One Thing in Common: United Kingdom
Risky Map Clicking: Next State Alphabetically
Recently Updated
Leaping Animals
pecheneg
Reality TV Shows (A-Z)
bhenderson79
Rickey Henderson's Hall of Fame Teammates
pecheneg
Champions League XIs: Arsenal
pecheneg
Quick Pick: Celebrities in WWE's Hall of Fame
aduchscher
A-Z Keypad Blitz II
pecheneg
Multiple Oscar Actors
pecheneg
Mystery Phrase Blitz: Oscar 'Best Actors'
pecheneg
F. Scott Fitzgerald Novels
LTH
Pick 3 Villains
ddd62291
Trending Topics
Kpop
Marvel
Disney
Crossword
NBA
Harry Potter
Anime
NFL
Soccer
Puzzle
WWE
Song
Country
The Office
Pokémon
Your Account Isn't Verified!
In order to create a playlist on Sporcle, you need to verify the email address you used during registration. Go to your
Sporcle Settings
to finish the process.
Report this User
Report this user for behavior that violates our
Community Guidelines
.
Details:
Send Report
Go to the Sporcle.com Mobile Site →
Comments